=LDR 00000nam 2200000 4500 =001 INLIS000000000046291 =005 20200309072537 =035 ##$$a 0010-031500000000063 =008 200309################g##########0#ind## =020 ##$$a 978-979-026-304-8 =040 ##$$a NBPDMAT =082 ##$$a 297.74 =090 ##$$a 297.74 $b yus s =100 #$$a Yusuf islam =245 1#$$a Stories of new muslims : $b Jejak kisah para mualaf dari berbagai bangsa /$c Yusuf Islam; editor, Aat hidayat =260 ##$$a yogyakarta :$b Insan Madani,$c 2009 =300 ##$$a xiv, 160 hlm. : $b ilus. ; $c 15 x 21 cm. =700 #$$a Yusuf islam =084 ##$$a 297.74 YUS s =990 ##$$a 20931400114 =990 ##$$a 31400116 =990 ##$$a 31400115